[Event "FRA Team Ch"]
[Site "DRANCY"]
[Date "2002.02.02"]
[Round "2.6"]
[White "Moracchini, Fabrice"]
[Black "Spiridonov, Nikola"]
[Result "1/2-1/2"]
[WhiteElo "2359"]
[BlackElo "2311"]
[PlyCount "23"]
[EventDate "2000.02.??"]
[WhiteTeam "Drancy"]
[BlackTeam "NAO Chess Club"]

1. d4 g6 2. e4 Bg7 3. Nc3 c6 4. h3 d5 5. Nf3 Nf6 6. Bd3 dxe4 7. Nxe4 Nxe4 8.
Bxe4 O-O 9. O-O Nd7 10. c3 e5 11. dxe5 Nxe5 12. Nxe5 1/2-1/2

[Event "FRA Team Ch"]
[Site "DRANCY"]
[Date "2002.02.02"]
[Round "2.7"]
[White "Maze, Sebastien"]
[Black "Doornbos, Yann"]
[Result "1-0"]
[WhiteElo "2349"]
[BlackElo "2314"]
[PlyCount "67"]
[EventDate "2000.02.??"]
[WhiteTeam "NAO Chess Club"]
[BlackTeam "Drancy"]

1. e4 e6 2. Qe2 Nc6 3. Nf3 e5 4. g3 Nf6 5. Bg2 Bc5 6. c3 d6 7. O-O Bg4 8. h3
Bh5 9. d3 Qe7 10. Be3 h6 11. Nbd2 g5 12. b4 Bb6 13. a4 g4 14. hxg4 Nxg4 15.
Bxb6 axb6 16. Nh4 Qg5 17. Ndf3 Qf6 18. Nf5 Rg8 19. N3h4 Qg5 20. f3 Nf6 21. Qf2
Nd7 22. Kh2 Bg6 23. Ne3 Ne7 24. Bh3 Bh7 25. Rg1 h5 26. f4 Qf6 27. f5 O-O-O 28.
a5 Kb8 29. a6 bxa6 30. Rxa6 Kb7 31. Qa2 Nb8 32. Ra7+ Kc8 33. Qc4 Rd7 34. Ra8
1-0

[Event "FRA Team Ch"]
[Site "DRANCY"]
[Date "2002.02.02"]
[Round "2.8"]
[White "Giffard, Nicolas"]
[Black "Sebag, Marie"]
[Result "1/2-1/2"]
[WhiteElo "2303"]
[BlackElo "2368"]
[PlyCount "62"]
[EventDate "2000.02.??"]
[WhiteTeam "Drancy"]
[BlackTeam "NAO Chess Club"]

1. Nf3 d5 2. g3 Nf6 3. Bg2 Bf5 4. c4 c6 5. cxd5 cxd5 6. d3 e6 7. Qb3 Qb6 8. Be3
Qxb3 9. axb3 Nc6 10. Nd4 Bb4+ 11. Nc3 O-O 12. O-O Bg4 13. Nxc6 bxc6 14. f3 Bh5
15. Ra6 Rfb8 16. Rfa1 Bf8 17. Rxa7 Rxa7 18. Rxa7 Rxb3 19. Na4 Ne8 20. Ra6 c5
21. Bxc5 Bxc5+ 22. Nxc5 Rxb2 23. Kf2 Kf8 24. Ra7 Rc2 25. Nd7+ Ke7 26. Nc5+ Kf8
27. d4 Nd6 28. Ra8+ Ke7 29. Ra7+ Ke8 30. Ra8+ Ke7 31. Ra7+ Ke8 1/2-1/2

[Event "FRA Team Ch"]
[Site "DRANCY"]
[Date "2002.02.02"]
[Round "2.9"]
[White "Lecuyer, Christian"]
[Black "Dewitte, Catherine"]
[Result "1-0"]
[WhiteElo "2273"]
[BlackElo "2000"]
[PlyCount "62"]
[EventDate "2000.02.??"]
[WhiteTeam "NAO Chess Club"]
[BlackTeam "Drancy"]

1. Nf3 e6 2. c4 b6 3. g3 Bb7 4. Bg2 f5 5. Nc3 Nf6 6. O-O Be7 7. d3 O-O 8. Qc2
a5 9. e4 fxe4 10. dxe4 Nc6 11. Bf4 Nh5 12. Be3 e5 13. Rad1 d6 14. c5 bxc5 15.
Qb3+ Kh8 16. Qxb7 Nd4 17. Bxd4 Rb8 18. Qc6 Rb6 19. Qa4 cxd4 20. Nd5 Rxb2 21.
Rb1 Rxb1 22. Rxb1 c5 23. Rb7 Bf6 24. Nd2 Qc8 25. Qd7 Qxd7 26. Rxd7 Rb8 27. Bf3
Bg5 28. Nc4 Nf6 29. Rxd6 Rb1+ 30. Kg2 Nxd5 31. Rxd5 Rb4 1-0

[Event "FRA Team Ch"]
[Site "EPINAL"]
[Date "2002.02.02"]
[Round "2.1"]
[White "Kallai, Gabor"]
[Black "Georgiev, Kiril"]
[Result "0-1"]
[WhiteElo "2543"]
[BlackElo "2655"]
[PlyCount "96"]
[EventDate "2002.02.??"]
[WhiteTeam "Strasbourg"]
[BlackTeam "Mulhouse"]

1. d4 Nf6 2. Nf3 c5 3. c3 e6 4. Bg5 cxd4 5. cxd4 Qa5+ 6. Bd2 Qb6 7. Nc3 Nc6 8.
e3 d5 9. a3 Bd6 10. Be2 O-O 11. O-O Qd8 12. Qc2 Bd7 13. b4 Rc8 14. Rfc1 Ne4 15.
Be1 f5 16. b5 Ne7 17. Qa4 Ng6 18. Bd3 a5 19. Ne2 Ra8 20. Qd1 b6 21. a4 Qe7 22.
g3 Be8 23. Qb3 Rd8 24. Rc2 Nh8 25. Ne5 Qf6 26. f4 g5 27. Rac1 Ng6 28. Rc8 Rxc8
29. Rxc8 Qe7 30. Qc2 Bb4 31. Nc6 Bxc6 32. Rxf8+ Qxf8 33. Bxb4 Qxb4 34. Bxe4
Bxb5 35. axb5 fxe4 36. fxg5 a4 37. Qc3 Qxc3 38. Nxc3 a3 39. Kf2 e5 40. Ke2 exd4
41. exd4 Ne7 42. Kd2 Nf5 43. Kc1 Kf7 44. Ne2 Kg6 45. h4 Kh5 46. Nf4+ Kg4 47.
Nxd5 e3 48. Nc3 Nxd4 0-1

[Event "FRA Team Ch"]
[Site "EPINAL"]
[Date "2002.02.02"]
[Round "2.2"]
[White "Milov, Vadim"]
[Black "Varga, Peter"]
[Result "1-0"]
[WhiteElo "2595"]
[BlackElo "2484"]
[PlyCount "77"]
[EventDate "2002.02.??"]
[WhiteTeam "Mulhouse"]
[BlackTeam "Strasbourg"]

1. d4 d5 2. c4 c6 3. Nc3 e6 4. e3 Nf6 5. Nf3 Nbd7 6. Bd3 dxc4 7. Bxc4 b5 8. Bd3
b4 9. Ne4 Be7 10. Nxf6+ Nxf6 11. e4 Bb7 12. Qe2 c5 13. dxc5 Bxc5 14. O-O h6 15.
e5 Nd5 16. Bd2 Qb6 17. Rac1 Kf8 18. h4 Ke7 19. h5 Rhd8 20. Nh2 Kf8 21. Ng4 Be7
22. Rfd1 a6 23. Nxh6 gxh6 24. Bxh6+ Ke8 25. Qg4 Rdc8 26. Rxc8+ Rxc8 27. Qg8+
Kd7 28. Qxf7 Qd8 29. Bg7 Qe8 30. Qxe8+ Rxe8 31. Bg6 Rc8 32. h6 Bf8 33. Bh7 Ke8
34. Bg8 Rc6 35. Rd4 Bxg7 36. hxg7 Ne7 37. Bh7 Rc1+ 38. Kh2 a5 39. Bg6+ 1-0

[Event "FRA Team Ch"]
[Site "EPINAL"]
[Date "2002.02.02"]
[Round "2.3"]
[White "Roos, Daniel"]
[Black "Sokolov, Andrei"]
[Result "1/2-1/2"]
[WhiteElo "2420"]
[BlackElo "2614"]
[PlyCount "39"]
[EventDate "2002.02.??"]
[WhiteTeam "Strasbourg"]
[BlackTeam "Mulhouse"]

1. Nf3 e6 2. g3 d5 3. Bg2 c5 4. O-O Nc6 5. d4 Nf6 6. c4 dxc4 7. Qa4 Bd7 8. dxc5
Bxc5 9. Qxc4 Be7 10. Nc3 O-O 11. Rd1 Rc8 12. Be3 Na5 13. Qf4 Nc4 14. Bd4 Nxb2
15. Rdb1 Nc4 16. Rxb7 Bc6 17. Rxa7 Nh5 18. Qg4 Nf6 19. Qf4 Nh5 20. Qg4 1/2-1/2

[Event "FRA Team Ch"]
[Site "EPINAL"]
[Date "2002.02.02"]
[Round "2.4"]
[White "Pelletier, Yannick"]
[Black "Roos, Jean-Luc"]
[Result "0-1"]
[WhiteElo "2549"]
[BlackElo "2302"]
[PlyCount "82"]
[EventDate "2002.02.??"]
[WhiteTeam "Mulhouse"]
[BlackTeam "Strasbourg"]

1. Nf3 d5 2. d4 Nf6 3. c4 e6 4. Nc3 c6 5. Bg5 Nbd7 6. Qb3 Be7 7. e3 O-O 8. Bd3
dxc4 9. Qxc4 Nd5 10. Bxe7 Qxe7 11. O-O Nxc3 12. bxc3 e5 13. e4 Nb6 14. Qb3 Be6
15. Qc2 f6 16. a4 Bf7 17. a5 Nc8 18. Qb2 Nd6 19. Nd2 Rad8 20. f4 c5 21. Rae1 c4
22. Bb1 exd4 23. e5 dxc3 24. Qc2 Nf5 25. Qxc3 Qc5+ 26. Rf2 Bg6 27. Qxc4+ Qxc4
28. Nxc4 Rfe8 29. g4 Bf7 30. Na3 Nd4 31. Nc2 Nc6 32. Rfe2 fxe5 33. fxe5 Be6 34.
Re4 Nxa5 35. Nd4 Bd5 36. R4e2 Nc6 37. Nf5 g6 38. Nh6+ Kg7 39. g5 Nd4 40. Re3
Nf3+ 41. Rxf3 Bxf3 0-1

[Event "FRA Team Ch"]
[Site "EPINAL"]
[Date "2002.02.02"]
[Round "2.5"]
[White "Roos, Louis"]
[Black "Koch, Jean Rene"]
[Result "1-0"]
[WhiteElo "2351"]
[BlackElo "2498"]
[PlyCount "137"]
[EventDate "2002.02.??"]
[WhiteTeam "Strasbourg"]
[BlackTeam "Mulhouse"]

1. e4 g6 2. d4 Bg7 3. Nc3 c6 4. Bc4 b5 5. Bb3 a5 6. a3 d6 7. Qf3 e6 8. Nge2 Ne7
9. h4 h6 10. Bf4 Ba6 11. Qg3 Nc8 12. Nd1 Qe7 13. Bd2 a4 14. Ba2 Nd7 15. h5 g5
16. f4 Nf6 17. Nf2 Nh7 18. Nh3 Nf6 19. Nf2 Nh7 20. e5 dxe5 21. dxe5 c5 22. fxg5
Nxg5 23. Nh3 Qc7 24. Bf4 Ne7 25. Nxg5 hxg5 26. Qxg5 Rg8 27. Qg3 O-O-O 28. Rd1
Rxd1+ 29. Kxd1 Bh8 30. Qf2 c4 31. Kc1 Nc6 32. h6 Nxe5 33. h7 Rd8 34. Nc3 Qc6
35. Bxe5 Bxe5 36. Qxf7 Kb8 37. Rd1 Rxd1+ 38. Nxd1 Bc8 39. Qf8 c3 40. h8=Q cxb2+
41. Nxb2 Bxh8 42. Qxh8 Qc5 43. Nd3 Qxa3+ 44. Qb2 Qxb2+ 45. Kxb2 Kc7 46. Kc3 Kd6
47. Kb4 e5 48. Kxb5 e4 49. Ne1 Bd7+ 50. Kb4 Ke5 51. c4 Kf4 52. c5 Bc6 53. Kc3
a3 54. Kd4 Ba4 55. g3+ Kxg3 56. Kxe4 Kf2 57. Nd3+ Ke2 58. Kd4 Kd2 59. Ne5 Kc2
60. c6 Bb5 61. c7 Ba6 62. Nc4 Bc8 63. Ke5 Kc3 64. Nxa3 Kb4 65. Be6 Ba6 66. Kd6
Bb7 67. Nc4 Kb5 68. Ne5 Kb6 69. Nd7+ 1-0

[Event "FRA Team Ch"]
[Site "EPINAL"]
[Date "2002.02.02"]
[Round "2.6"]
[White "Popovic, Petar"]
[Black "Maier, Christian"]
[Result "1/2-1/2"]
[WhiteElo "2533"]
[BlackElo "2354"]
[PlyCount "48"]
[EventDate "2002.02.??"]
[WhiteTeam "Mulhouse"]
[BlackTeam "Strasbourg"]

1. e4 e6 2. d4 d5 3. Nd2 Nf6 4. e5 Nfd7 5. c3 c5 6. Bd3 Nc6 7. Ne2 cxd4 8. cxd4
f6 9. exf6 Qxf6 10. Nf3 Bd6 11. Bg5 Qf7 12. O-O O-O 13. Bh4 e5 14. dxe5 Ndxe5
15. Bxh7+ Kh8 16. Nxe5 Nxe5 17. Bc2 Qh5 18. Bg3 Bg4 19. f3 Nxf3+ 20. gxf3 Bc5+
21. Nd4 Rxf3 22. Qd2 Bh3 23. Rxf3 Qxf3 24. Be5 Bxd4+ 1/2-1/2

[Event "FRA Team Ch"]
[Site "EPINAL"]
[Date "2002.02.02"]
[Round "2.7"]
[White "Herbrechtsmeier, Christof"]
[Black "Marzolo, Cyril"]
[Result "0-1"]
[WhiteElo "2345"]
[BlackElo "2403"]
[PlyCount "50"]
[EventDate "2002.02.??"]
[WhiteTeam "Strasbourg"]
[BlackTeam "Mulhouse"]

1. e4 e6 2. d4 d5 3. Nc3 Nf6 4. Bg5 Be7 5. e5 Ne4 6. Be3 Nxc3 7. bxc3 c5 8.
dxc5 Qa5 9. Nf3 Qxc3+ 10. Bd2 Qxc5 11. Bd3 Nd7 12. O-O Qc7 13. Re1 Nc5 14. Ng5
Bd7 15. Qg4 Bc6 16. Rab1 Bf8 17. Re3 O-O-O 18. Rf3 Rd7 19. Nxh7 Nxd3 20. Nxf8
Nxe5 21. Qxg7 Nxf3+ 22. gxf3 Qxh2+ 23. Kf1 Rd8 24. Rb4 d4 25. Qxf7 Qh3+ 0-1

[Event "FRA Team Ch"]
[Site "EPINAL"]
[Date "2002.02.02"]
[Round "2.8"]
[White "Claverie, Christophe"]
[Black "Aguettaz, Maxime"]
[Result "1-0"]
[WhiteElo "2363"]
[BlackElo "2218"]
[PlyCount "115"]
[EventDate "2002.02.??"]
[WhiteTeam "Mulhouse"]
[BlackTeam "Strasbourg"]

1. d4 g6 2. c4 Nf6 3. Nf3 Bg7 4. g3 O-O 5. Bg2 d6 6. Nc3 Nbd7 7. O-O c6 8. e4
e5 9. h3 Qb6 10. dxe5 dxe5 11. Qc2 a5 12. Na4 Qc7 13. c5 Rd8 14. Be3 Nf8 15.
Rfd1 Be6 16. b3 N6d7 17. Bf1 Kh8 18. Rd6 b5 19. Nb6 Rab8 20. Rad1 Bf6 21. Ng5
Nxb6 22. Rxd8 Rxd8 23. cxb6 Qb7 24. Rxd8 Bxd8 25. Qc3 Bxb6 26. Qxe5+ Kg8 27.
Bxb6 Qxb6 28. Qd6 h6 29. Nf3 Bd7 30. Nd4 Qb7 31. a3 Ne6 32. Nxe6 Bxe6 33. b4
axb4 34. axb4 Qd7 35. Qxd7 Bxd7 36. f4 f6 37. Kf2 Kf7 38. Ke3 Ke6 39. Kd4 Kd6
40. h4 Be6 41. Bg2 Bb3 42. e5+ fxe5+ 43. fxe5+ Kd7 44. Kc5 Ke6 45. Bxc6 Kxe5
46. Kxb5 Kd4 47. Ka5 Bc4 48. Bb5 Bd5 49. Be8 Be4 50. b5 Ke3 51. Bc6 Bf5 52. b6
Bc8 53. Kb4 Kd4 54. g4 Ke5 55. Kc5 Ba6 56. g5 hxg5 57. hxg5 Bc8 58. Bg2 1-0

[Event "FRA Team Ch"]
[Site "EPINAL"]
[Date "2002.02.02"]
[Round "2.9"]
[White "Fruteau, Sabine"]
[Black "Muller, Anne"]
[Result "1/2-1/2"]
[WhiteElo "2107"]
[BlackElo "2167"]
[PlyCount "111"]
[EventDate "2002.02.??"]
[WhiteTeam "Strasbourg"]
[BlackTeam "Mulhouse"]

1. e4 c5 2. Nf3 d6 3. d4 cxd4 4. Nxd4 Nf6 5. Nc3 Nc6 6. Be2 g6 7. O-O Bg7 8.
Nb3 O-O 9. f4 Be6 10. Be3 a6 11. f5 Bd7 12. a4 Na5 13. Bd4 Rc8 14. Nxa5 Qxa5
15. b4 Qc7 16. Ra2 e5 17. fxe6 fxe6 18. Ra3 Bc6 19. Bf3 Bd7 20. b5 e5 21. Be3
Be6 22. Be2 Bc4 23. bxa6 bxa6 24. a5 Bxe2 25. Qxe2 Qc6 26. Bb6 d5 27. Nxd5 Nxd5
28. exd5 Qxd5 29. Rd3 Qc4 30. Rxf8+ Rxf8 31. Rd2 Qb4 32. Rd1 Qa4 33. Qxa6 Qxc2
34. Qd3 Qa4 35. Qd5+ Kh8 36. Re1 Qb4 37. Qe4 Qb5 38. Bc7 Qc5+ 39. Kh1 Qxc7 40.
a6 Qf7 41. h3 Qa7 42. Qc4 Ra8 43. Rb1 e4 44. Rb7 Qd4 45. Qf1 Rf8 46. Qe1 Qd3
47. Rb1 e3 48. Rd1 Qe4 49. Qe2 h5 50. Rg1 Rf2 51. Qe1 Bd4 52. Qb4 e2 53. a7 Rf1
54. a8=Q+ Qxa8 55. Qxd4+ Kh7 56. Qd7+ 1/2-1/2

[Event "FRA Team Ch"]
[Site "EPINAL"]
[Date "2002.02.02"]
[Round "2.1"]
[White "Akopian, Vladimir"]
[Black "Landa, Konstantin"]
[Result "1-0"]
[WhiteElo "2680"]
[BlackElo "2619"]
[PlyCount "81"]
[EventDate "2002.02.??"]
[WhiteTeam "Vandoeuvre"]
[BlackTeam "Nancy"]

1. Nf3 c5 2. b3 d6 3. Bb2 e5 4. c4 f5 5. d3 Nc6 6. g3 g6 7. Bg2 Bg7 8. O-O Nf6
9. Nc3 O-O 10. Nd5 Rb8 11. Ne1 Bd7 12. Nc2 Nxd5 13. Bxd5+ Kh8 14. f4 Nd4 15. e3
Nxc2 16. Qxc2 Qc7 17. Rae1 Bc6 18. Bxc6 Qxc6 19. e4 Rbe8 20. exf5 Rxf5 21. fxe5
Rxf1+ 22. Rxf1 Bxe5 23. Bxe5+ Rxe5 24. d4 Re8 25. Qf2 Qc7 26. Qf6+ Kg8 27. d5
Qg7 28. Qxd6 Qd4+ 29. Kg2 g5 30. Qd7 Re2+ 31. Kh3 g4+ 32. Qxg4+ Qxg4+ 33. Kxg4
Rxh2 34. a4 Re2 35. Rf3 Kg7 36. Kf5 Kf7 37. g4 Rh2 38. Ke5+ Ke7 39. d6+ Ke8 40.
Ke6 Rh6+ 41. Rf6 1-0

[Event "FRA Team Ch"]
[Site "EPINAL"]
[Date "2002.02.02"]
[Round "2.2"]
[White "Gormally, Dan"]
[Black "McShane, Luke J"]
[Result "1/2-1/2"]
[WhiteElo "2506"]
[BlackElo "2525"]
[PlyCount "42"]
[EventDate "2002.02.??"]
[WhiteTeam "Nancy"]
[BlackTeam "Vandoeuvre"]

1. e4 c5 2. Nf3 Nc6 3. d4 cxd4 4. Nxd4 Nf6 5. Nc3 e5 6. Ndb5 d6 7. Bg5 a6 8.
Na3 b5 9. Nd5 Be7 10. Bxf6 Bxf6 11. c3 Bb7 12. Nc2 Nb8 13. a4 bxa4 14. Rxa4 Nd7
15. Nce3 O-O 16. b4 Bg5 17. Nc4 Nf6 18. Nxf6+ Qxf6 19. Nb6 Qf4 20. Bd3 Bc6 21.
O-O Bxa4 1/2-1/2

[Event "FRA Team Ch"]
[Site "EPINAL"]
[Date "2002.02.02"]
[Round "2.3"]
[White "Glek, Igor V"]
[Black "Nezar, Mustapha"]
[Result "1-0"]
[WhiteElo "2601"]
[BlackElo "2380"]
[PlyCount "79"]
[EventDate "2002.02.??"]
[WhiteTeam "Vandoeuvre"]
[BlackTeam "Nancy"]

1. e4 c5 2. Nf3 d6 3. Bb5+ Bd7 4. Bxd7+ Qxd7 5. O-O Nc6 6. c3 Nf6 7. d4 e6 8.
d5 exd5 9. exd5 Ne7 10. Re1 g6 11. c4 Bg7 12. Qe2 Kf8 13. Nc3 Re8 14. Qd3 h6
15. h3 Kg8 16. Bf4 Kh7 17. Re2 Nc8 18. Rae1 Rxe2 19. Rxe2 Re8 20. Rxe8 Qxe8 21.
b3 a6 22. a4 Qe7 23. g4 Nb6 24. Kg2 Nbd7 25. Bg3 Kg8 26. Nd2 Kf8 27. f4 h5 28.
g5 Ne8 29. Nce4 Bh8 30. Nf3 Kg8 31. Nh4 Bd4 32. f5 Nf8 33. f6 Qc7 34. Nf3 Bb2
35. Qe2 Ba1 36. Qe1 Be5 37. Bxe5 dxe5 38. Nf2 Nd7 39. Nd3 Nd6 40. Nfxe5 1-0

[Event "FRA Team Ch"]
[Site "EPINAL"]
[Date "2002.02.02"]
[Round "2.4"]
[White "Arkell, Keith C"]
[Black "Renet, Olivier"]
[Result "0-1"]
[WhiteElo "2463"]
[BlackElo "2494"]
[PlyCount "94"]
[EventDate "2002.02.??"]
[WhiteTeam "Nancy"]
[BlackTeam "Vandoeuvre"]

1. d4 d5 2. c4 dxc4 3. e4 e5 4. Nf3 exd4 5. Qxd4 Qxd4 6. Nxd4 Nf6 7. f3 Bc5 8.
Nb5 Na6 9. Bf4 c6 10. Nd6+ Bxd6 11. Bxd6 Be6 12. Nd2 O-O-O 13. Be7 Rd7 14. Bxf6
gxf6 15. Bxc4 Nb4 16. Ke2 Rhd8 17. Bxe6 fxe6 18. Nb3 Rd3 19. Rhc1 Nxa2 20. Rxa2
Rxb3 21. Rc3 Rxc3 22. bxc3 Kb8 23. f4 b5 24. g4 Kb7 25. h4 Kb6 26. g5 fxg5 27.
fxg5 a5 28. Rd2 Ra8 29. Kd1 a4 30. Kc2 Rf8 31. h5 Kc5 32. g6 hxg6 33. hxg6 Rg8
34. Rg2 Kc4 35. g7 e5 36. Rg3 c5 37. Kb2 b4 38. cxb4 cxb4 39. Rg6 a3+ 40. Ka2
Kd3 41. Rd6+ Kxe4 42. Rd7 Kf5 43. Rb7 Kf6 44. Rb6+ Kxg7 45. Rxb4 Kf6 46. Kxa3
Kf5 47. Kb3 Rc8 0-1

[Event "FRA Team Ch"]
[Site "EPINAL"]
[Date "2002.02.02"]
[Round "2.5"]
[White "Ward, Christopher"]
[Black "Spielmann, Alain"]
[Result "1-0"]
[WhiteElo "2486"]
[BlackElo "2307"]
[PlyCount "35"]
[EventDate "2002.02.??"]
[WhiteTeam "Vandoeuvre"]
[BlackTeam "Nancy"]

1. c4 Nf6 2. Nc3 c5 3. Nf3 e6 4. d4 cxd4 5. Nxd4 a6 6. g3 d5 7. cxd5 Nxd5 8.
Qb3 Nxc3 9. Qxc3 e5 10. Nb3 Nc6 11. Bg2 Nd4 12. Nxd4 exd4 13. Qb3 Bc5 14. O-O
O-O 15. Bf4 Qe7 16. Rac1 a5 17. Qd5 Bb6 18. Bd6 1-0

[Event "FRA Team Ch"]
[Site "EPINAL"]
[Date "2002.02.02"]
[Round "2.6"]
[White "Adrian, Claude"]
[Black "Wirig, Anthony"]
[Result "1/2-1/2"]
[WhiteElo "2329"]
[BlackElo "2304"]
[PlyCount "29"]
[EventDate "2002.02.??"]
[WhiteTeam "Nancy"]
[BlackTeam "Vandoeuvre"]

1. d4 Nf6 2. c4 c5 3. d5 b5 4. cxb5 a6 5. bxa6 g6 6. Nc3 Bxa6 7. Nf3 d6 8. g3
Bg7 9. Bg2 O-O 10. O-O Nbd7 11. Qc2 Qa5 12. Rb1 Bc4 13. Nd2 Nb6 14. Rd1 Nfd7
15. Nxc4 1/2-1/2

[Event "FRA Team Ch"]
[Site "EPINAL"]
[Date "2002.02.02"]
[Round "2.7"]
[White "Moret, Vincent"]
[Black "Philippe, Christophe"]
[Result "1/2-1/2"]
[WhiteElo "2184"]
[BlackElo "2325"]
[PlyCount "166"]
[EventDate "2002.02.??"]
[WhiteTeam "Vandoeuvre"]
[BlackTeam "Nancy"]

1. c4 b6 2. Nf3 Bb7 3. g3 e6 4. Bg2 f5 5. O-O Nf6 6. Nc3 g6 7. d3 Bg7 8. Re1
O-O 9. e4 fxe4 10. dxe4 Na6 11. h3 Qe7 12. Qe2 Nc5 13. Qc2 a5 14. Bg5 h6 15.
Bf4 Ne8 16. Rad1 e5 17. Bc1 d6 18. Nd5 Qd7 19. b3 Kh7 20. Bb2 Qf7 21. Re2 Nf6
22. Ne1 Nh5 23. Nd3 Ne6 24. Ne1 Rae8 25. Kh2 Bc8 26. Nf3 Qg8 27. a3 Rf7 28. b4
axb4 29. axb4 Qf8 30. Ne1 Bd7 31. Ra1 Ra8 32. Bc3 Rxa1 33. Bxa1 Qa8 34. Qa2 Rf8
35. Nd3 Nf6 36. Bc3 Qb7 37. Qb1 Ra8 38. Ra2 Bc6 39. Qa1 Rxa2 40. Qxa2 Qa8 41.
Qxa8 Bxa8 42. f4 Nd7 43. fxe5 Nxe5 44. Nxe5 Bxe5 45. Bxe5 dxe5 46. h4 Kg7 47.
Bh3 Nd4 48. Nxc7 Bxe4 49. Bg2 Nf3+ 50. Bxf3 Bxf3 51. Kg1 Kf7 52. Kf2 Bc6 53.
Ke3 g5 54. hxg5 hxg5 55. b5 Bg2 56. Nd5 Ke6 57. Nxb6 Kd6 58. Na4 Bf1 59. Nb2
Bg2 60. Nd3 Bf1 61. b6 Bg2 62. Ne1 Bb7 63. Nf3 g4 64. Nh2 Bc8 65. b7 Bxb7 66.
Nxg4 Ba6 67. Kd3 Ke6 68. Ne3 Kf6 69. Ke4 Bb7+ 70. Nd5+ Ke6 71. g4 Bc6 72. g5
Bb7 73. g6 Bc6 74. g7 Kf7 75. Kxe5 Kxg7 76. Kd6 Ba8 77. c5 Kf7 78. Nb6 Bb7 79.
Kd7 Bg2 80. Nc8 Bh3+ 81. Kd8 Bg2 82. Kd7 Bh3+ 83. Kd6 Bxc8 1/2-1/2

[Event "FRA Team Ch"]
[Site "EPINAL"]
[Date "2002.02.02"]
[Round "2.8"]
[White "Mourot, Clara"]
[Black "Brunner, Nicolas"]
[Result "0-1"]
[WhiteElo "2100"]
[BlackElo "2238"]
[PlyCount "80"]
[EventDate "2002.02.??"]
[WhiteTeam "Nancy"]
[BlackTeam "Vandoeuvre"]

1. d4 Nf6 2. c4 e6 3. Nc3 Bb4 4. a3 Bxc3+ 5. bxc3 O-O 6. e3 c5 7. Bd3 Nc6 8.
Ne2 b6 9. e4 Ne8 10. Be3 d6 11. O-O Na5 12. Ng3 f5 13. f4 g6 14. Re1 Nf6 15.
exf5 exf5 16. Qf3 Bb7 17. d5 Ba6 18. Qf1 Ng4 19. h3 Nxe3 20. Rxe3 Qf6 21. Rae1
Qxc3 22. Bxf5 Qd4 23. Be6+ Kh8 24. Qd3 Bxc4 25. Qxd4+ cxd4 26. Re4 d3 27. Rd4
b5 28. f5 Nb3 29. Rh4 d2 30. Rd1 Bd3 31. fxg6 Bxg6 32. Ne4 a5 33. Nxd2 Bc2 34.
Nxb3 Bxd1 35. Nd4 b4 36. axb4 a4 37. Bf5 Rxf5 38. Nxf5 a3 39. Rd4 Bc2 40. Ne3
Bb1 0-1

[Event "FRA Team Ch"]
[Site "EPINAL"]
[Date "2002.02.02"]
[Round "2.9"]
[White "Klipper, Rebecca"]
[Black "Esprit, Yohann"]
[Result "1/2-1/2"]
[WhiteElo "2072"]
[BlackElo "2143"]
[PlyCount "135"]
[EventDate "2002.02.??"]
[WhiteTeam "Vandoeuvre"]
[BlackTeam "Nancy"]

1. d4 Nf6 2. Nf3 d6 3. e3 Nbd7 4. Nbd2 c6 5. Bd3 e5 6. O-O Be7 7. b3 O-O 8. Bb2
Qc7 9. e4 Re8 10. Re1 Bf8 11. Nc4 b5 12. Ne3 exd4 13. Nxd4 Nxe4 14. Nef5 Ndc5
15. Bxe4 Nxe4 16. Qg4 Nf6 17. Nh6+ Kh8 18. Rxe8 Nxe8 19. Qh5 Nf6 20. Qxf7 Qxf7
21. Nxf7+ Kg8 22. Ng5 Bd7 23. Re1 d5 24. Nde6 Bb4 25. Re3 h6 26. Nh3 Kf7 27.
Nd4 c5 28. Nf3 Bxh3 29. Ne5+ Kf8 30. Rxh3 c4 31. Nc6 Bd2 32. Bc3 Bc1 33. Nd4
Rb8 34. Ne2 Ba3 35. Bxf6 gxf6 36. Rxh6 Kg7 37. Rh5 Rd8 38. Nf4 Rc8 39. bxc4
Rxc4 40. Nxd5 Rxc2 41. Ne3 Rc1+ 42. Nf1 a6 43. Rd5 Rc2 44. Rd2 Rc6 45. Ne3 Bf8
46. Rc2 Rd6 47. g4 b4 48. Kf1 Kg6 49. h4 a5 50. Ke2 a4 51. Rb2 Rc6 52. Nd5 Rc4
53. f3 a3 54. Rd2 Rc1 55. Nf4+ Kf7 56. Nd3 Rh1 57. Ke3 Rxh4 58. Rc2 Rh1 59.
Rc7+ Kg8 60. Rc2 Rf1 61. Ke4 Kf7 62. Rc1 Rxc1 63. Nxc1 Bh6 64. Nb3 Bf8 65. Kf5
Bd6 66. f4 Be7 67. Nd4 Bc5 68. Nb3 1/2-1/2

[Event "FRA Team Ch"]
[Site "MONTPELLIER"]
[Date "2002.02.03"]
[Round "3.1"]
[White "Delchev, Aleksander"]
[Black "Oms Pallise, Josep"]
[Result "1/2-1/2"]
[WhiteElo "2591"]
[BlackElo "2424"]
[PlyCount "108"]
[EventDate "2002.02.??"]
[WhiteTeam "Nice"]
[BlackTeam "Toulouse"]

1. c4 e6 2. Nf3 Nf6 3. Nc3 d5 4. d4 Nbd7 5. cxd5 exd5 6. Bg5 c6 7. e3 Be7 8.
Qc2 O-O 9. Bd3 Re8 10. h3 g6 11. O-O Nh5 12. Bxe7 Qxe7 13. Rab1 Nb6 14. b4 a6
15. a4 Be6 16. Ne2 Rec8 17. Qc5 Qd8 18. a5 Nd7 19. Qd6 Ng7 20. g4 Qc7 21. Qxc7
Rxc7 22. Nd2 Nf6 23. f4 Re8 24. Rf3 Bc8 25. f5 gxf5 26. Bxf5 Bxf5 27. gxf5 Ngh5
28. Ng3 Nxg3 29. Rxg3+ Kf8 30. Kf2 Rb8 31. Rgg1 Ke7 32. Rge1 Rg8 33. Rg1 Rcc8
34. Kf3 Rce8 35. Rbe1 Kd8 36. Nb3 Ne4 37. Nc5 Nd6 38. Kf4 Ke7 39. Rg4 Rd8 40.
Reg1 Rh8 41. Rh4 Rdg8 42. Rhg4 Rd8 43. Nd3 Kf6 44. Rg5 h6 45. Rh5 Ke7 46. Nc5
Rdg8 47. Rg4 Rg5 48. Rgxg5 hxg5+ 49. Kg4 Rxh5 50. Kxh5 Kf6 51. Kg4 Nxf5 52.
Nd7+ Kg6 53. Ne5+ Kf6 54. Nd7+ Kg6 1/2-1/2

[Event "FRA Team Ch"]
[Site "MONTPELLIER"]
[Date "2002.02.03"]
[Round "3.2"]
[White "Bricard, Emmanuel"]
[Black "Sharif, Mehrshad"]
[Result "1/2-1/2"]
[WhiteElo "2443"]
[BlackElo "2476"]
[PlyCount "122"]
[EventDate "2002.02.??"]
[WhiteTeam "Toulouse"]
[BlackTeam "Nice"]

1. c4 c5 2. b3 b6 3. Bb2 Bb7 4. Nf3 Nf6 5. g3 Bxf3 6. exf3 Nc6 7. Bg2 e6 8. O-O
Rc8 9. f4 Be7 10. d3 O-O 11. Nd2 d5 12. Nf3 Qd6 13. Qe2 Nd7 14. Rfe1 dxc4 15.
dxc4 Rfd8 16. Rad1 Qc7 17. Ng5 Nf8 18. Qe4 Bf6 19. Bxf6 gxf6 20. Nf3 f5 21. Qe2
Rxd1 22. Rxd1 Rd8 23. Kf1 Ng6 24. Ke1 h6 25. Rd2 Nd4 26. Nxd4 cxd4 27. Rd3 Qc5
28. Qd2 a5 29. Bf3 Nf8 30. Kf1 Nh7 31. Qe2 Rd6 32. g4 fxg4 33. Bxg4 Nf6 34. Bf3
Kf8 35. Qe5 Ke7 36. Be2 Nd7 37. Qg7 Qf5 38. Qxh6 Nc5 39. Rd2 d3 40. Bf3 Ne4 41.
Bxe4 Qxe4 42. Qg5+ Kd7 43. Qg3 Qh1+ 44. Qg1 Qxg1+ 45. Kxg1 Kc6 46. Kf1 Kc5 47.
Ke1 Kd4 48. Rd1 Rd8 49. Kd2 Rh8 50. Rh1 Rh4 51. c5 Rxf4 52. cxb6 Rxf2+ 53. Kd1
Rf5 54. h4 Rb5 55. h5 Rxb6 56. Rh4+ Kc3 57. h6 Rb8 58. Rc4+ Kb2 59. Ra4 Rh8 60.
Kd2 Rxh6 61. Rxa5 Rh3 1/2-1/2

[Event "FRA Team Ch"]
[Site "MONTPELLIER"]
[Date "2002.02.03"]
[Round "3.3"]
[White "Sulava, Nenad"]
[Black "Arizmendi Martinez, Julen Luis"]
[Result "1/2-1/2"]
[WhiteElo "2552"]
[BlackElo "2497"]
[PlyCount "74"]
[EventDate "2002.02.??"]
[WhiteTeam "Nice"]
[BlackTeam "Toulouse"]

1. Nf3 Nf6 2. g3 g6 3. b3 Bg7 4. Bb2 O-O 5. Bg2 d6 6. d4 c5 7. c4 Ne4 8. O-O
Nc6 9. Nbd2 Nxd2 10. Qxd2 Bg4 11. dxc5 Bxf3 12. Bxf3 dxc5 13. Rfd1 Qxd2 14.
Rxd2 Rfd8 15. Rad1 Bxb2 16. Bxc6 Rxd2 17. Rxd2 Bc1 18. Bxb7 Bxd2 19. Bxa8 a5
20. f4 e6 21. Kf2 h5 22. Kf3 Kf8 23. Bc6 Bc1 24. e4 Ke7 25. h3 Kd6 26. Bb5 Ke7
27. Ba4 Kf6 28. Bc6 Ke7 29. Bb7 Kf6 30. g4 hxg4+ 31. Kxg4 Bb2 32. h4 Bc1 33.
Bc8 Bb2 34. f5 e5 35. Bb7 Bc1 36. h5 gxh5+ 37. Kxh5 Ke7 1/2-1/2

[Event "FRA Team Ch"]
[Site "MONTPELLIER"]
[Date "2002.02.03"]
[Round "3.4"]
[White "Boyd, Stephen"]
[Black "Caposciutti, Maurizio"]
[Result "1/2-1/2"]
[WhiteElo "2362"]
[BlackElo "2353"]
[PlyCount "41"]
[EventDate "2002.02.??"]
[WhiteTeam "Toulouse"]
[BlackTeam "Nice"]

1. e4 c5 2. Nc3 Nc6 3. g3 g6 4. Bg2 Bg7 5. d3 Rb8 6. Be3 b5 7. Qd2 b4 8. Nd1 d6
9. f3 Qb6 10. Nh3 a5 11. Nhf2 e5 12. O-O Be6 13. f4 Nge7 14. fxe5 dxe5 15. Bh6
O-O 16. Bxg7 Kxg7 17. Ne3 f6 18. Nd5 Qd8 19. Nxe7 Qxe7 20. Nd1 c4 21. Ne3
1/2-1/2